| 000 | 00525nam a22001937a 4500 | ||
|---|---|---|---|
| 005 | 20231222130753.0 | ||
| 008 | 231222b |||||||| |||| 00| 0 eng d | ||
| 020 | _a0521775310 | ||
| 082 |
_a428.0076 _bJAK |
||
| 100 | _aJakeman, Vanessa | ||
| 245 |
_aCambridge English IELTS-2: _bpractice test/ _cJakeman, Vanessa; McDowell,Clare; |
||
| 260 |
_aUK _bCambridge _c2002 |
||
| 300 | _a169 | ||
| 490 | _v2 | ||
| 505 | _aWith Answers (Set of 17 Vol). | ||
| 650 | _aEnglish Language | ||
| 700 | _aMcDowell,Clare; | ||
| 999 |
_c34947 _d34947 |
||